Estadísticas para Mapa de Capitales de África

Haz click aquí para tomar la prueba!

Estadísticas generales

  • Esta prueba ha sido tomada 2.874 veces
  • La puntuación promedio es 31 de 56

Respuestas en el mapa

Las respuestas están codificadas por una escala verde-roja en el mapa de la prueba según el % correcto abajo.
 

Estadísticas de respuestas

Respuesta% Correcto
El Cairo
93%
Argel
92%
Túnez
91%
Rabat
90%
Trípoli
82%
Yibuti
76%
Nairobi
75%
Antananarivo
74%
Adís Abeba
73%
Ciudad del Cabo
72%
Dakar
66%
Jartum
66%
Santo Tomé
65%
Bisáu
64%
Mogadiscio
64%
Kinsasa
63%
Abuya
59%
Luanda
58%
Acra
57%
Maputo
57%
Brazzaville
56%
Asmara
53%
Praia
53%
Pretoria
52%
Windhoek
52%
Yuba
52%
Dodoma
51%
Kampala
51%
Yamena
51%
Uagadugú
50%
Bloemfontein
49%
Victoria
49%
Yaundé
49%
Niamey
48%
Bangui
47%
Freetown
47%
Gaborone
47%
Lomé
47%
Nuakchot
47%
Port Louis
47%
Harare
46%
Kigali
45%
Lilongüe
45%
Monrovia
45%
Porto-Novo | Contonu
45%
Bamako
44%
Conakri
44%
Lusaka
44%
Yamusukro
44%
Gitega
43%
Libreville
43%
Mbabane
43%
Malabo
41%
Banjul
40%
Maseru
38%
Moroni
36%

Distribución de puntuación

Porcentaje por número respondido

Porcentaje de gente con cada puntuación

Historial de tus puntuaciones

No has tomado esta prueba